Opuštění společné domácnosti (paragraf 181 Obč. zák.)

Bibliographic Details
Main Author: Choděra, Oldřich, 1948- (Author)
Format: Article
Language:Slovak
Czech
PhysicalDescription:Lit. 7 zázn. v slov., češ.
Subjects:

MARC

LEADER 00000nab a2200000 a 4500
001 vtls000205731
003 SK-MaSNL
005 20260304061437.0
008 250422c1984 xo 0 slo
015 |a SNBRB19rr/mm-uuuuu 
035 |a CL0215844 
035 |a urn:nbn:sk:snk-abd08c 
035 |a (urnnbn)urn:nbn:sk:snk:ar-007dgh 
035 |a (uuid)2ccfeca2-c3d6-45a8-8b11-31da73de057d 
040 |a SNKBUCL  |b slo  |c SNKBUCL  |e AACR2 
041 0 |a cze 
044 |a xo  |c SK 
080 |a 347  |2 1981 
100 1 |a Choděra, Oldřich,  |d 1948-  |4 aut  |9 90031 
245 1 0 |a Opuštění společné domácnosti (paragraf 181 Obč. zák.)  |c Oldřich Choděra 
300 |b Lit. 7 zázn. v slov., češ. 
650 0 7 |a občianske právo  |2 snkbucl  |9 981 
655 7 |a články z novín a časopisov  |2 snkbucl  |9 267496 
773 0 |t Socialistické súdnictvo  |g Roč. 36, č. 12 (1984), s. 31-35 
850 |a Slovenská národná knižnica 
852 |a Slovenská národná knižnica 
958 |a article17 
958 |a NB 
958 |a RK 
958 |a CZ 
958 |a OND 
958 |a EUIPO 
992 |a RBX 
999 |c 2733021  |d 2734951